| 000 | 00891nac a22002651i 4500 | ||
|---|---|---|---|
| 003 | EG-ScBUE | ||
| 005 | 20240428102809.0 | ||
| 008 | 240428s1960 enka f b 001 0 eng d | ||
| 035 | _a(OCoLC)1653862 | ||
| 040 |
_aEG-ScBUE _beng _erda _cEG-ScBUE _dEG-ScBUE |
||
| 043 | _aaw---- | ||
| 082 | 0 | 4 |
_a956 _bION _222 |
| 100 | 1 |
_a Ionides, M. G. _q(Michael George) _eauthor. |
|
| 245 | 1 | 0 |
_aDivide and lose : _bThe Arab revolt of 1955-1958 / _cby Michael Ionides. |
| 264 | 1 |
_aLondon : _bGeoffrey Bles, _c1960. |
|
| 300 |
_a271 pages : _billustrations ; _c22 cm |
||
| 336 |
_2rdacontent _atext _btxt |
||
| 337 |
_aunmediated _2rdamedia _bn |
||
| 338 |
_avolume _bnc _2rdacarrier |
||
| 504 | _aIncludes bibliographical references and index. | ||
| 651 | 7 |
_aMiddle East _xPolitics and government. _2BUEsh |
|
| 655 | _vReading book | ||
| 942 |
_cBB _2ddc |
||
| 999 |
_c1743 _d1743 |
||